000 00306nam a2200121Ia 4500
008 191201s2007 xx 000 0 und d
100 _aJAIN, RK
245 0 _aPlant Maintenance Engineering and Management
250 _a1st
260 _c2007
_bKhanna Publisher
_aNew Delhi
300 _a348
942 _2ddc
_cBK
999 _c8044
_d8044